| 000 | 00768nam a2200229 i 4500 | ||
|---|---|---|---|
| 001 | 186587 | ||
| 003 | SpMaBN | ||
| 005 | 20251014000331.0 | ||
| 008 | 161202s1965 sp |||| |dcat d | ||
| 080 | _a929 Salvá y Campillo, Francisco | ||
| 080 | _a621.394(091) | ||
| 100 | 1 |
_aIglésies, Josep. _965146 |
|
| 245 | 1 | 3 |
_aLa contribució catalana al telégraf elèctric _b: (Francesc Salvà i Campillo) 1751-1828. |
| 260 |
_aBarcelona : _bRafael Dalmau, _c[1965] |
||
| 300 |
_a60 p. ; _c17 cm. |
||
| 490 | 1 |
_aEpisodis de la història ; _v67 |
|
| 600 | 1 | 7 |
_aSalvá, Francisco, _d1751-1828 _2 _9132347 |
| 650 | 7 |
_aTelégrafo- _zEspaña. _9149358 |
|
| 830 | 0 |
_aEpisodis de la història ; _v67 _9225433 |
|
| 852 |
_aES-MaACL _j2333-F-37 |
||
| 999 |
_c186587 _d186587 |
||